| 000 | 00438nam a2200145 a 4500 | ||
|---|---|---|---|
| 003 | OSt | ||
| 005 | 20260504054010.0 | ||
| 008 | 950411s1994 ne ab b 000 0 eng d | ||
| 020 | _a9051460422 | ||
| 040 | _cIRDP | ||
| 082 | _a307.09 678 TAN | ||
| 245 | 0 | 0 |
_aTanzania: _bevaluation of the Netherlands development programme with Tanzania, 1970-1992 |
| 260 |
_aThe Hague: _bNetherlands Development Cooperation, _c1970-1992. |
||
| 942 |
_2ddc _cBOOKS |
||
| 999 |
_c9536 _d9536 |
||